[Event "Staufer op 34th"]
[Site "Schwaebisch Gmuend"]
[Date "2024.01.04"]
[Round "6"]
[White "Kasueschke, Lars"]
[Black "Stillger, Bernhard"]
[Result "0-1"]
[WhiteElo "2044"]
[BlackElo "2284"]
[PlyCount "123"]
[EventDate "2024.01.02"]
[EventType "swiss"]
[EventRounds "9"]
[EventCountry "GER"]
[SourceTitle "CB02_2024"]
[SourceDate "2024.01.10"]
[SourceVersion "1"]
[SourceVersionDate "2024.01.10"]
[SourceQuality "1"]

1. d4 d5 2. c4 c6 3. Nf3 Nf6 4. e3 Bf5 5. Bd3 Bxd3 6. Qxd3 e6 7. 0-0 Nbd7 8. Nc3 Be7 9. e4 dxe4 10. Nxe4 Nxe4 11. Qxe4 0-0 12. Rd1 Qa5 13. Bf4 Nf6 14. Qc2 Rad8 15. a3 Qa6 16. Be5 Nd7 17. Bc7 Rc8 18. Bf4 b5 19. b3 bxc4 20. bxc4 Nb6 21. c5 Nd5 22. Be5 Rfe8 23. Re1 f6 24. Bg3 Bf8 25. h4 Qb7 26. Rab1 Qf7 27. Rb3 Rcd8 28. Reb1 Qg6 29. Qxg6 hxg6 30. Rb7 Nc3 31. Re1 Nb5 32. Rc1 Nxa3 33. Rxa7 Nb5 34. Ra6 Rc8 35. Rb6 Red8 36. Rc4 Rd7 37. Bf4 Ra7 38. g3 Be7 39. Bb8 Ra8 40. Bf4 Ra7 41. Kg2 Bd8 42. Rb8 Rxb8 43. Bxb8 Ra2 44. Ne1 Ba5 45. Nd3 Rd2 46. Nf4 Rxd4 47. Rxd4 Nxd4 48. Nxg6 Kf7 49. h5 Bb4 50. Bd6 Nf5 51. Bf8 e5 52. Kf3 Nd4+ 53. Ke4 Ne6 54. Bd6 Bxc5 55. Bxc5 Nxc5+ 56. Kf5 Nd3 57. f3 c5 58. Ke4 c4 59. Ke3 Nb4 60. f4 Nd5+ 61. Kd2 exf4 62. gxf4 0-1

[Event "Stuttgart op"]
[Site "Ditzingen"]
[Date "2023.05.18"]
[Round "2"]
[White "Kasueschke, Lars"]
[Black "Zeller, Frank"]
[Result "1/2-1/2"]
[WhiteElo "2055"]
[BlackElo "2347"]
[PlyCount "55"]
[EventDate "2023.05.18"]
[EventType "swiss"]
[EventRounds "7"]
[EventCountry "GER"]
[SourceTitle "CBM 214 Extra"]
[Source "ChessBase"]
[SourceDate "2023.07.31"]
[SourceVersion "1"]
[SourceVersionDate "2023.07.31"]
[SourceQuality "1"]

1. d4 Nf6 2. c4 e6 3. g3 c5 4. Nf3 cxd4 5. Nxd4 d5 6. Bg2 e5 7. Nf3 d4 8. 0-0 Nc6 9. e3 Be7 10. exd4 exd4 11. Bf4 0-0 12. Ne5 Qb6 13. Nxc6 bxc6 14. Qb3 Qa6 15. Rd1 Rd8 16. Be5 Be6 17. Bxd4 Rab8 18. Qc2 c5 19. Be5 Rxd1+ 20. Qxd1 Rd8 21. Qe1 Qxc4 22. Nc3 Ng4 23. Bf4 Bf6 24. h3 Nh6 25. Be5 Be7 26. Rd1 Nf5 27. Rxd8+ Bxd8 28. Qe4 1/2-1/2

[Event "GER-chT U20"]
[Site "Willingen"]
[Date "2021.06.26"]
[Round "5"]
[White "Dornieden, Jonas"]
[Black "Kasueschke, Lars"]
[Result "0-1"]
[WhiteElo "2079"]
[BlackElo "1960"]
[PlyCount "80"]
[EventDate "2021.06.24"]
[EventType "team-swiss"]
[EventRounds "7"]
[EventCountry "GER"]
[SourceTitle "CBM 203 Extra"]
[Source "ChessBase"]
[SourceDate "2021.09.30"]
[SourceVersion "1"]
[SourceVersionDate "2021.09.30"]
[SourceQuality "1"]
[WhiteTeam "Lehrte"]
[BlackTeam "Bebenhausen"]
[WhiteTeamCountry "GER"]
[BlackTeamCountry "GER"]

1. d4 Nf6 2. c4 e6 3. Nf3 d5 4. Nc3 dxc4 5. e3 a6 6. a4 c5 7. Bxc4 Nc6 8. 0-0 Be7 9. b3 cxd4 10. exd4 0-0 11. Bb2 Nb4 12. Ne5 Bd7 13. Qf3 Bc6 14. Qh3 Bd5 15. Nxd5 Nfxd5 16. f4 g6 17. Rf3 Bf6 18. Raf1 Bg7 19. Rg3 b5 20. Bxd5 Qxd5 21. Qh4 Qd8 22. Qg4 Rc8 23. Re3 Rc2 24. Ba1 Qd5 25. Qf3 Rfc8 26. Rd1 bxa4 27. bxa4 Qa2 28. Ra3 Rxg2+ 29. Qxg2 Qxa3 30. Qb7 Rf8 31. Nd7 Qe3+ 32. Kh1 Nd5 33. Rf1 Rd8 34. Ne5 Qe4+ 35. Kg1 Qf5 36. Qxa6 Ne3 37. Qb6 Bf6 38. Rf2 Rc8 39. Qb2 Bxe5 40. Qb7 Rc1+ 0-1

[Event "GER-chT U20"]
[Site "Willingen"]
[Date "2021.06.26"]
[Round "6"]
[White "Kasueschke, Lars"]
[Black "Struck, Lasse"]
[Result "1-0"]
[WhiteElo "1960"]
[BlackElo "1751"]
[PlyCount "73"]
[EventDate "2021.06.24"]
[EventType "team-swiss"]
[EventRounds "7"]
[EventCountry "GER"]
[SourceTitle "CBM 203 Extra"]
[Source "ChessBase"]
[SourceDate "2021.09.30"]
[SourceVersion "1"]
[SourceVersionDate "2021.09.30"]
[SourceQuality "1"]
[WhiteTeam "Bebenhausen"]
[BlackTeam "Essen Katernberg"]
[WhiteTeamCountry "GER"]
[BlackTeamCountry "GER"]

1. e4 c5 2. Nf3 e6 3. b3 b6 4. Bd3 Bb7 5. 0-0 Nc6 6. Re1 Nf6 7. e5 Nd5 8. Be4 Be7 9. Bb2 g5 10. c4 Nf4 11. d4 g4 12. d5 gxf3 13. Qxf3 f5 14. exf6 Bxf6 15. dxc6 Bxc6 16. Bxc6 Bxb2 17. Qxf4 dxc6 18. Rxe6+ Kd7 19. Rd6+ Kc8 20. Rxd8+ Rxd8 21. Nd2 Bxa1 22. g3 Rd7 23. Qf5 Kc7 24. Ne4 Re8 25. Kg2 Ree7 26. Qf4+ Kb7 27. Nd6+ Ka6 28. Qf8 Be5 29. Qc8+ Ka5 30. Qxc6 Kb4 31. Nf5 Rf7 32. Qe4 Bd4 33. g4 Ka3 34. Qe2 Bc3 35. Qc2 Bb2 36. Ne3 Bd4 37. b4 1-0

[Event "GER-chT U20"]
[Site "Willingen"]
[Date "2021.06.25"]
[Round "3"]
[White "Kasueschke, Lars"]
[Black "Toval, David"]
[Result "1-0"]
[WhiteElo "1960"]
[BlackElo "1857"]
[PlyCount "105"]
[EventDate "2021.06.24"]
[EventType "team-swiss"]
[EventRounds "7"]
[EventCountry "GER"]
[SourceTitle "CBM 203 Extra"]
[Source "ChessBase"]
[SourceDate "2021.09.30"]
[SourceVersion "1"]
[SourceVersionDate "2021.09.30"]
[SourceQuality "1"]
[WhiteTeam "Bebenhausen"]
[BlackTeam "Muenster"]
[WhiteTeamCountry "GER"]
[BlackTeamCountry "GER"]

1. e4 c5 2. Nf3 d6 3. Bb5+ Bd7 4. Bxd7+ Qxd7 5. c4 Qg4 6. 0-0 Qxe4 7. d4 cxd4 8. Nxd4 Nf6 9. Be3 a6 10. Qa4+ Nbd7 11. Nc3 Qg4 12. Rad1 g6 13. h3 Qh5 14. Nde2 g5 15. Ng3 Qg6 16. Nd5 Nxd5 17. Rxd5 e5 18. c5 f5 19. Rfd1 Rd8 20. cxd6 Bg7 21. Bb6 Rc8 22. Re1 Qe6 23. Qb3 Kf7 24. Bd4 Kg6 25. Qf3 h5 26. Bc3 h4 27. Nf1 e4 28. Qd1 Bxc3 29. bxc3 Rxc3 30. Ne3 Rf8 31. Qd2 Rc6 32. Rb1 b5 33. Qd1 Rf6 34. a4 Rxd6 35. axb5 axb5 36. Rbxb5 Rxd5 37. Nxd5 Rf7 38. Qb3 Qc6 39. Qb2 Nf6 40. Ne3 Rd7 41. Rb6 Rd2 42. Rxc6 Rxb2 43. Nd5 g4 44. Nxf6 Kg5 45. hxg4 fxg4 46. Nxe4+ Kf4 47. Nc3 g3 48. Rc4+ Kg5 49. fxg3 hxg3 50. Ne4+ Kf4 51. Nd2+ Kg5 52. Nf1 Rb3 53. Re4 1-0

[Event "Arber op 8th"]
[Site "Bodenmais"]
[Date "2019.08.04"]
[Round "9"]
[White "Bensch, Patrick"]
[Black "Kasueschke, Lars"]
[Result "1-0"]
[WhiteElo "2197"]
[BlackElo "1934"]
[PlyCount "63"]
[EventDate "2019.07.27"]
[EventType "swiss"]
[EventRounds "9"]
[EventCountry "GER"]
[SourceTitle "CBM 191 Extra"]
[Source "ChessBase"]
[SourceDate "2019.09.30"]
[SourceVersion "1"]
[SourceVersionDate "2019.09.30"]
[SourceQuality "1"]

1. e4 c5 2. Nf3 d6 3. d4 cxd4 4. Nxd4 Nf6 5. Nc3 a6 6. f3 e5 7. Nb3 Be6 8. Be3 h5 9. Qd2 Be7 10. Nd5 Bxd5 11. exd5 Nbd7 12. c4 a5 13. Rc1 a4 14. Na1 e4 15. f4 Ng4 16. Bd4 Bf6 17. Nc2 0-0 18. Be2 Bxd4 19. Qxd4 Nc5 20. 0-0 Qh4 21. h3 Nf6 22. Ne3 g6 23. g3 Qxg3+ 24. Ng2 Nxd5 25. cxd5 Qxh3 26. Rc3 Qd7 27. f5 Kh7 28. Rh3 f6 29. fxg6+ Kxg6 30. Nf4+ Kf7 31. Bxh5+ Ke7 32. Ng6+ 1-0

[Event "Arber op 8th"]
[Site "Bodenmais"]
[Date "2019.07.30"]
[Round "4"]
[White "Kasueschke, Lars"]
[Black "Simacek, Vaclav"]
[Result "0-1"]
[WhiteElo "1934"]
[BlackElo "1809"]
[PlyCount "66"]
[EventDate "2019.07.27"]
[EventType "swiss"]
[EventRounds "9"]
[EventCountry "GER"]
[SourceTitle "CBM 191 Extra"]
[Source "ChessBase"]
[SourceDate "2019.09.30"]
[SourceVersion "1"]
[SourceVersionDate "2019.09.30"]
[SourceQuality "1"]

1. c4 e5 2. g3 d5 3. cxd5 Qxd5 4. Nf3 Bb4 5. a3 e4 6. Nh4 Be7 7. Nc3 Qc6 8. e3 a6 9. Qh5 Nf6 10. Qg5 h6 11. Qe5 Nbd7 12. Qf4 0-0 13. b4 Bd6 14. Nf5 Ne5 15. Qxe5 Re8 16. Nxh6+ Kh7 17. Qd4 Kxh6 18. Bb2 Bg4 19. f4 exf3 20. Kf2 Rad8 21. Qc4 Qxc4 22. Bxc4 Bxb4 23. d3 Bc5 24. Rae1 b5 25. h3 Bh5 26. g4 bxc4 27. Na4 Be7 28. gxh5 Nxh5 29. Kxf3 cxd3 30. e4 d2 31. Rd1 Rd3+ 32. Kf2 Bh4+ 33. Kg2 Rxe4 0-1

[Event "GER-chT U20"]
[Site "Osnabrueck"]
[Date "2018.12.29"]
[Round "6.2"]
[White "Von Bargen, Lukas"]
[Black "Kasueschke, Lars"]
[Result "1-0"]
[WhiteElo "1974"]
[BlackElo "1987"]
[PlyCount "101"]
[EventDate "2018.12.27"]
[EventType "team-swiss"]
[EventRounds "7"]
[EventCountry "GER"]
[SourceTitle "CBM 188 Extra"]
[Source "ChessBase"]
[SourceDate "2019.02.26"]
[SourceVersion "1"]
[SourceVersionDate "2019.02.26"]
[SourceQuality "1"]
[WhiteTeam "Halver Schalksmuehle"]
[BlackTeam "Schwaebisch Gmuend"]
[WhiteTeamCountry "GER"]
[BlackTeamCountry "GER"]

1. d4 Nf6 2. c4 e6 3. Nf3 d5 4. g3 Be7 5. Bg2 0-0 6. 0-0 dxc4 7. Ne5 Nc6 8. Nxc6 bxc6 9. Na3 Bxa3 10. bxa3 Nd5 11. Qa4 Nb6 12. Qa5 Rb8 13. Rd1 c5 14. Qxa7 Bd7 15. dxc5 Nd5 16. Bf4 Qe7 17. Bxd5 exd5 18. Qxc7 Rb2 19. e4 Rc8 20. Qe5 Qxe5 21. Bxe5 Re2 22. Rxd5 Bc6 23. Rd4 Bxe4 24. Rxc4 Bd3 25. Rd4 Rxe5 26. Rxd3 Rexc5 27. Rad1 g6 28. Kg2 Kg7 29. Rd7 Ra8 30. R1d3 Rc2 31. Rf3 Rf8 32. g4 g5 33. Kg3 Rxa2 34. Ra7 Kg6 35. h4 gxh4+ 36. Kxh4 Ra1 37. Rf5 f6 38. Kg3 Rd8 39. Ra6 Rg1+ 40. Kf3 Rf8 41. Kf4 Kg7 42. f3 Rg2 43. Ra7+ Kg6 44. Rh5 h6 45. Rf5 Ra2 46. a4 Rb8 47. a5 Rb4+ 48. Kg3 Rb3 49. Ra6 Kg7 50. Rfxf6 Rxa5 51. Rxh6 1-0

[Event "Oberliga Wuerttemberg 1819"]
[Site "Wuerttemberg"]
[Date "2018.10.14"]
[Round "2"]
[White "Kasueschke, Lars"]
[Black "Stuermer, Robin Gabriel"]
[Result "0-1"]
[WhiteElo "1974"]
[BlackElo "2180"]
[PlyCount "68"]
[EventDate "2018.09.23"]
[EventType "team-tourn"]
[EventRounds "9"]
[EventCountry "GER"]
[SourceTitle "EXT 2020"]
[Source "ChessBase"]
[SourceDate "2019.10.17"]
[SourceVersion "1"]
[SourceVersionDate "2019.10.17"]
[SourceQuality "1"]
[WhiteTeam "Schwaebisch Gmuend"]
[BlackTeam "Heilbronn"]
[WhiteTeamCountry "GER"]
[BlackTeamCountry "GER"]

1. e4 c6 2. d4 d5 3. e5 Bf5 4. Nf3 e6 5. Be2 Nd7 6. 0-0 Ne7 7. Be3 Qc7 8. Nbd2 f6 9. exf6 gxf6 10. Nh4 0-0-0 11. c4 Rg8 12. Rc1 Kb8 13. Bf3 Bd3 14. Re1 f5 15. Qb3 Be4 16. cxd5 exd5 17. Bxe4 dxe4 18. Nxf5 Nxf5 19. Qxg8 Nxe3 20. fxe3 Bb4 21. Qxh7 Bxd2 22. Qxe4 Nf6 23. Qf3 Qe7 24. Rcd1 Bxe1 25. Qf4+ Ka8 26. Rxe1 Re8 27. Qf3 Ne4 28. Qh5 a6 29. d5 Nf6 30. Qf5 Nxd5 31. e4 Rf8 32. Qh5 Nf4 33. Qg4 Qc5+ 34. Kh1 Nd3 0-1

[Event "Staufer op-A 30th"]
[Site "Schwaebisch Gmuend"]
[Date "2018.01.03"]
[Round "3"]
[White "Kasueschke, Lars"]
[Black "Beckers, Manfred"]
[Result "1/2-1/2"]
[WhiteElo "2038"]
[BlackElo "1896"]
[PlyCount "93"]
[EventDate "2018.01.02"]
[EventType "swiss"]
[EventRounds "9"]
[EventCountry "GER"]
[SourceTitle "CBM 182 Extra"]
[Source "ChessBase"]
[SourceDate "2018.02.23"]
[SourceVersion "1"]
[SourceVersionDate "2018.02.23"]
[SourceQuality "1"]

1. e4 c6 2. d4 d5 3. e5 Bf5 4. Nf3 e6 5. Be2 c5 6. Be3 Qb6 7. Nbd2 Nc6 8. dxc5 Bxc5 9. Bxc5 Qxc5 10. c4 d4 11. Qb3 Nge7 12. Qb5 Qb6 13. c5 Qxb5 14. Bxb5 0-0 15. 0-0 Rfd8 16. Rfe1 Nb4 17. Red1 Bc2 18. Rdc1 Bd3 19. Bxd3 Nxd3 20. Rc4 Nc6 21. Nb3 Nxb2 22. Rc2 Nd3 23. Rd2 Ndxe5 24. Nfxd4 Nxd4 25. Rxd4 Rxd4 26. Nxd4 Rc8 27. Nb3 Kf8 28. Na5 b6 29. cxb6 axb6 30. Nb3 Rc2 31. a4 Rb2 32. Nd4 Nd3 33. f3 Nf4 34. g3 Ne2+ 35. Nxe2 Rxe2 36. Rb1 Ra2 37. Rxb6 Rxa4 38. Rb2 g5 39. Kg2 Kg7 40. Rb5 Ra2+ 41. Kh3 Kg6 42. g4 Ra3 43. Kg3 h5 44. gxh5+ Kxh5 45. h4 f6 46. hxg5 fxg5 47. Re5 1/2-1/2

[Event "Bayern-chI Bank Hofmann 21st"]
[Site "Tegernsee"]
[Date "2017.10.31"]
[Round "4"]
[White "Donchenko, Anatoly G"]
[Black "Kasueschke, Lars"]
[Result "1-0"]
[WhiteElo "2301"]
[BlackElo "2024"]
[PlyCount "63"]
[EventDate "2017.10.28"]
[EventType "swiss"]
[EventRounds "9"]
[EventCountry "GER"]
[SourceTitle "CBM 181 Extra"]
[Source "ChessBase"]
[SourceDate "2017.12.12"]
[SourceVersion "1"]
[SourceVersionDate "2017.12.12"]
[SourceQuality "1"]

1. Nf3 c5 2. c4 Nc6 3. d4 cxd4 4. Nxd4 Nf6 5. Nc3 d5 6. cxd5 Nxd5 7. Nxc6 bxc6 8. Bd2 e5 9. e4 Nb6 10. Be3 Be6 11. b3 Bb4 12. Qc2 Qe7 13. Ba6 0-0 14. 0-0 Rfd8 15. Rfd1 h6 16. h3 Rab8 17. Rxd8+ Rxd8 18. Rd1 Rxd1+ 19. Nxd1 Qd6 20. Nb2 Ba3 21. Nd3 Bc8 22. Bxc8 Nxc8 23. Qc3 c5 24. Nxc5 Bxc5 25. Qxc5 Qb8 26. a4 f6 27. b4 Qb7 28. b5 a6 29. Qc4+ Kh7 30. bxa6 Qa8 31. a7 Ne7 32. Qc7 1-0

[Event "Arber op 6th"]
[Site "Bodenmais"]
[Date "2017.08.04"]
[Round "7"]
[White "Huber, Florian"]
[Black "Kasueschke, Lars"]
[Result "1/2-1/2"]
[WhiteElo "1857"]
[BlackElo "1916"]
[PlyCount "82"]
[EventDate "2017.07.29"]
[EventType "swiss"]
[EventRounds "9"]
[EventCountry "GER"]
[SourceTitle "CBM 179 Extra"]
[Source "ChessBase"]
[SourceDate "2017.08.23"]
[SourceVersion "1"]
[SourceVersionDate "2017.08.23"]
[SourceQuality "1"]

1. d4 Nf6 2. Nf3 d5 3. e3 e6 4. Bd3 c5 5. b3 Nc6 6. Bb2 a6 7. Nbd2 Be7 8. 0-0 b5 9. dxc5 Bxc5 10. e4 0-0 11. Ng5 h6 12. Bxf6 gxf6 13. exd5 fxg5 14. dxc6 Qc7 15. h4 Qf4 16. Ne4 Be7 17. g3 Qe5 18. Qh5 f5 19. Qg6+ Qg7 20. Qxg7+ Kxg7 21. Nd2 gxh4 22. gxh4 Bxh4 23. Nf3 Bf6 24. Rae1 Ra7 25. c4 b4 26. Ne5 Bxe5 27. Rxe5 Rc7 28. Rfe1 Rxc6 29. Ra5 Rd8 30. Bf1 Kf6 31. Ra4 Rd2 32. Re2 Rxe2 33. Bxe2 Rb6 34. a3 bxa3 35. Rxa3 Bb7 36. f4 Rb4 37. Kf2 e5 38. Ke3 Rb6 39. fxe5+ Kxe5 40. Ra5+ Kf6 41. Bd3 Rxb3 1/2-1/2

[Event "Arber op 6th"]
[Site "Bodenmais"]
[Date "2017.08.01"]
[Round "4"]
[White "Kasueschke, Lars"]
[Black "Bergmann, Reiner"]
[Result "1/2-1/2"]
[WhiteElo "1916"]
[BlackElo "1823"]
[PlyCount "41"]
[EventDate "2017.07.29"]
[EventType "swiss"]
[EventRounds "9"]
[EventCountry "GER"]
[SourceTitle "CBM 179 Extra"]
[Source "ChessBase"]
[SourceDate "2017.08.23"]
[SourceVersion "1"]
[SourceVersionDate "2017.08.23"]
[SourceQuality "1"]

1. e4 d5 2. exd5 Nf6 3. d4 Nxd5 4. c4 Nf6 5. Nc3 Bf5 6. Nf3 e6 7. Be3 Be7 8. Be2 0-0 9. 0-0 h6 10. Qb3 Qc8 11. Ne5 Nbd7 12. Bf3 c6 13. Rfd1 Nxe5 14. dxe5 Nd7 15. Bd4 Qc7 16. Ne4 Bxe4 17. Bxe4 Nc5 18. Qc2 Nxe4 19. Qxe4 Rfd8 20. Bc3 Rxd1+ 21. Rxd1 1/2-1/2

[Event "Dortmund Sparkassen op-A 45th"]
[Site "Dortmund"]
[Date "2017.07.16"]
[Round "2"]
[White "Tueckmantel, Rene"]
[Black "Kasueschke, Lars"]
[Result "1-0"]
[WhiteElo "2130"]
[BlackElo "1916"]
[PlyCount "72"]
[EventDate "2017.07.15"]
[EventType "swiss"]
[EventRounds "9"]
[EventCountry "GER"]
[SourceTitle "CBM 179 Extra"]
[Source "ChessBase"]
[SourceDate "2017.08.23"]
[SourceVersion "1"]
[SourceVersionDate "2017.08.23"]
[SourceQuality "1"]

1. e4 c5 2. Nc3 e6 3. g3 Nc6 4. Bg2 Nf6 5. Nge2 a6 6. 0-0 Qc7 7. d3 d6 8. h3 b5 9. a3 Bb7 10. Be3 Be7 11. f4 h5 12. Qd2 Rd8 13. Rae1 e5 14. Nd5 Nxd5 15. exd5 Nd4 16. c3 Nf5 17. Bf2 g6 18. c4 0-0 19. g4 hxg4 20. hxg4 Nd4 21. Bxd4 exd4 22. f5 Bh4 23. f6 Kh7 24. Rf3 Rh8 25. Ng3 Rde8 26. Rxe8 Rxe8 27. Ne4 Rh8 28. Qf4 Bc8 29. Rh3 Kg8 30. Qh2 Qa5 31. b4 Qxa3 32. Rxh4 Qc1+ 33. Bf1 Qe3+ 34. Nf2 Rxh4 35. Qxh4 cxb4 36. g5 Qe8 1-0

[Event "Wuerttemberg-ch KT"]
[Site "Stuttgart"]
[Date "2016.09.01"]
[Round "6"]
[White "Wolf, Rainer"]
[Black "Kasueschke, Lars"]
[Result "1-0"]
[WhiteElo "2013"]
[BlackElo "1941"]
[PlyCount "99"]
[EventDate "2016.08.27"]
[EventType "swiss"]
[EventRounds "9"]
[EventCountry "GER"]
[SourceTitle "EXT 2017"]
[Source "ChessBase"]
[SourceDate "2016.10.25"]
[SourceVersion "1"]
[SourceVersionDate "2016.10.25"]
[SourceQuality "1"]

1. Nf3 c5 2. e3 Nc6 3. d4 d5 4. Be2 Nf6 5. 0-0 Bf5 6. c4 e6 7. Nc3 Be7 8. cxd5 Nxd5 9. Qb3 Nxc3 10. bxc3 Qc7 11. Nd2 cxd4 12. cxd4 0-0 13. Bb2 Rfd8 14. Rac1 Bg6 15. Bf3 Qa5 16. Bc3 Qb6 17. Qa4 Bd3 18. Nc4 Qc7 19. Rfd1 Bxc4 20. Qxc4 Rac8 21. Ba1 Bd6 22. g3 Qe7 23. d5 exd5 24. Bxd5 Rc7 25. Qa4 Nb4 26. Rxc7 Bxc7 27. Bxb7 Rxd1+ 28. Qxd1 Bb6 29. Qg4 g6 30. Qc8+ Qd8 31. Qc3 f6 32. Qxf6 Qxf6 33. Bxf6 Kf7 34. Bc3 Nd3 35. Bd5+ Kf8 36. a4 a5 37. Kg2 Nc5 38. Bc6 Ke7 39. Kf3 Kd6 40. Bb5 Ne6 41. h4 Nc5 42. g4 Kd5 43. Bd4 Bd8 44. g5 Nb7 45. Ke2 Nd6 46. Kd3 Bc7 47. e4+ Ke6 48. Bc6 Ke7 49. Bc5 Ke6 50. Bd5+ 1-0

[Event "Wuerttemberg-ch KT"]
[Site "Stuttgart"]
[Date "2016.08.29"]
[Round "3"]
[White "Kasueschke, Lars"]
[Black "Reindl, Knut"]
[Result "1-0"]
[WhiteElo "1941"]
[BlackElo "1791"]
[PlyCount "43"]
[EventDate "2016.08.27"]
[EventType "swiss"]
[EventRounds "9"]
[EventCountry "GER"]
[SourceTitle "EXT 2017"]
[Source "ChessBase"]
[SourceDate "2016.10.25"]
[SourceVersion "1"]
[SourceVersionDate "2016.10.25"]
[SourceQuality "1"]

1. b3 e5 2. Bb2 Nc6 3. e3 Nf6 4. Bb5 d6 5. Ne2 Bd7 6. 0-0 g6 7. f4 Bg7 8. Na3 0-0 9. Nc4 exf4 10. Nxf4 a6 11. Bxc6 Bxc6 12. Na5 Qd7 13. Qe2 Nd5 14. Bxg7 Nxf4 15. Rxf4 Kxg7 16. Qc4 f5 17. Qc3+ Kg8 18. Rc4 Qg7 19. Nxc6 bxc6 20. Qxg7+ Kxg7 21. Rxc6 Rf7 22. Rf1 1-0

[Event "Dortmund Sparkassen op-B 44th"]
[Site "Dortmund"]
[Date "2016.07.15"]
[Round "7"]
[White "Terhuven, Patrick"]
[Black "Kasueschke, Lars"]
[Result "1/2-1/2"]
[WhiteElo "1981"]
[BlackElo "1835"]
[PlyCount "61"]
[EventDate "2016.07.09"]
[EventType "swiss"]
[EventRounds "9"]
[EventCountry "GER"]
[SourceTitle "CBM 173 Extra"]
[Source "ChessBase"]
[SourceDate "2016.08.29"]
[SourceVersion "1"]
[SourceVersionDate "2016.08.29"]
[SourceQuality "1"]

1. d4 Nf6 2. Nf3 e6 3. g3 b5 4. Bg2 Bb7 5. 0-0 c5 6. Nbd2 cxd4 7. Nb3 d5 8. Nfxd4 b4 9. c4 bxc3 10. bxc3 Ba6 11. Nc2 Nbd7 12. a4 Be7 13. Nb4 Bc4 14. Nd4 Bd6 15. Ba3 Nc5 16. Rb1 Nce4 17. Qc2 Qc7 18. f3 Nc5 19. Ra1 0-0 20. Kh1 h5 21. Nd3 Rfc8 22. Rfc1 Rab8 23. Nxc5 Bxc5 24. Bxc5 Qxc5 25. Rab1 e5 26. Nf5 g6 27. Qd2 Qf8 28. Qg5 Qd8 29. Nh6+ Kg7 30. Nf5+ Kg8 31. Nh6+ 1/2-1/2

[Event "Dortmund Sparkassen op-B 44th"]
[Site "Dortmund"]
[Date "2016.07.10"]
[Round "2"]
[White "Luzius, Jannik"]
[Black "Kasueschke, Lars"]
[Result "0-1"]
[WhiteElo "1612"]
[BlackElo "1835"]
[PlyCount "68"]
[EventDate "2016.07.09"]
[EventType "swiss"]
[EventRounds "9"]
[EventCountry "GER"]
[SourceTitle "CBM 173 Extra"]
[Source "ChessBase"]
[SourceDate "2016.08.29"]
[SourceVersion "1"]
[SourceVersionDate "2016.08.29"]
[SourceQuality "1"]

1. Nf3 c5 2. c4 Nc6 3. g3 g6 4. Bg2 Bg7 5. 0-0 e6 6. d3 Nge7 7. Nc3 0-0 8. a3 d5 9. cxd5 Nxd5 10. Qc2 b6 11. Rb1 Bb7 12. Nxd5 Qxd5 13. Nd2 Qxg2+ 14. Kxg2 Nd4+ 15. Nf3 Bxf3+ 16. exf3 Nxc2 17. Be3 Rfd8 18. Rfd1 Rd5 19. Rd2 Nd4 20. b4 Rad8 21. bxc5 Rxc5 22. Rb4 Rc3 23. Rc4 Rxc4 24. dxc4 Nc6 25. Rxd8+ Nxd8 26. c5 bxc5 27. Bxc5 Nc6 28. f4 Bf8 29. Bxf8 Kxf8 30. Kf3 Ke7 31. Ke4 Kd6 32. h4 f5+ 33. Kd3 Kd5 34. f3 Nd4 0-1